| 000 | 00640ntaaa2200229 4500 | ||
|---|---|---|---|
| 003 | 01 | ||
| 005 | 20251027202747.0 | ||
| 008 | 0714s1973 ag 01 | ||
| 040 |
_aAR-BaBN _bspa _cAR-BaBN _eaacr _dRIC |
||
| 082 | _a793.2000 L36 | ||
| 100 |
_aLaurencena, Marta _927732 |
||
| 245 | _aReuniones sociales | ||
| 250 | _a1 ed. | ||
| 260 |
_aBuenos Aires : _bJunta Bautista de Publicaciones, _cc1961 |
||
| 300 | _a60 p | ||
| 500 | _aManual de sugestiones y juegos para programas especiales | ||
| 650 |
_arecreación _918895 |
||
| 650 |
_ajóvenes-sociales _927733 |
||
| 650 |
_asociales _927734 |
||
| 700 |
_aCanclini, A _927735 |
||
| 942 | _cBK | ||
| 999 |
_c22901 _d22901 |
||